00660nam a2200193Ia 4500003000900000008004100009020001800050040001600068080001600084100002900100245013900129260003300268300001000301650001900311650002200330942000700352999001500359952009200374IN-BaIIA211028s9999 xx 000 0 eng d a0-07-099031-X cIIA Library a519.21bLIP aLipschutz, Seymour96066 0aSchaum's outline of theory and problems of probability si (Metric) editioncSeymour Lipschutz  aSingaporebMcGraw-Hillc1982 a152p. aNASA thesaurus aProbability93440 cBK c9043d9043 00104070aBANbBANcGENd1987-06-04l0o519.21/ LIPp9939r2021-11-05w1987-06-04yBK